Хлораммонийное разделение оксида магния и кремния, полученных методом магнетермии диоксида кремния; Известия Томского политехнического университета [Известия ТПУ]; Т. 319, № 3 : Химия
| Parent link: | Известия Томского политехнического университета [Известия ТПУ]/ Томский политехнический университет (ТПУ).— , 2000- Т. 319, № 3 : Химия.— 2011.— [С. 66-69] |
|---|---|
| Altri autori: | , , , |
| Riassunto: | Заглавие с титульного листа Электронная версия печатной публикации Методами кинетических исследований и термогравиметрии исследован процесс взаимодействия хлорида аммония с оксидом магния в интервале температур 20…600 °С. Продукты реакции идентифицированы методом ИК-спетроскопии и рентгенофазовым анализом. Установлено, что в ходе реакции образуется хлорид магния через стадию разложения хлоромагната аммония. |
| Lingua: | russo |
| Pubblicazione: |
2011
|
| Serie: | Химия |
| Soggetti: | |
| Accesso online: | http://www.lib.tpu.ru/fulltext/v/Bulletin_TPU/2011/v319/i3/14.pdf |
| Natura: | MixedMaterials Elettronico Capitolo di libro |
| KOHA link: | https://koha.lib.tpu.ru/cgi-bin/koha/opac-detail.pl?biblionumber=204106 |
MARC
| LEADER | 00000nla2a2200000 4500 | ||
|---|---|---|---|
| 001 | 204106 | ||
| 005 | 20231031190015.0 | ||
| 035 | |a (RuTPU)RU\TPU\book\222450 | ||
| 035 | |a RU\TPU\book\222445 | ||
| 090 | |a 204106 | ||
| 100 | |a 20111118d2011 k y0rusy50 ca | ||
| 101 | 0 | |a rus | |
| 102 | |a RU | ||
| 135 | |a drnn ---uucaa | ||
| 181 | 0 | |a i | |
| 182 | 0 | |a b | |
| 200 | 1 | |a Хлораммонийное разделение оксида магния и кремния, полученных методом магнетермии диоксида кремния |b Электронный ресурс |f О. В. Гринева, И. С. Кантаев, А. Д. Киселев, Р. И. Крайденко | |
| 203 | |a Текст |c электронный | ||
| 215 | |a 1 файл (208 Кб) | ||
| 225 | 1 | |a Химия | |
| 230 | |a Электронные текстовые данные (1 файл : 208 Кб) | ||
| 300 | |a Заглавие с титульного листа | ||
| 300 | |a Электронная версия печатной публикации | ||
| 320 | |a [Библиогр.: с. 69 (6 назв.)] | ||
| 330 | |a Методами кинетических исследований и термогравиметрии исследован процесс взаимодействия хлорида аммония с оксидом магния в интервале температур 20…600 °С. Продукты реакции идентифицированы методом ИК-спетроскопии и рентгенофазовым анализом. Установлено, что в ходе реакции образуется хлорид магния через стадию разложения хлоромагната аммония. | ||
| 337 | |a Adobe Reader | ||
| 461 | 1 | |0 (RuTPU)RU\TPU\book\176237 |t Известия Томского политехнического университета [Известия ТПУ] |f Томский политехнический университет (ТПУ) |d 2000- | |
| 463 | 1 | |0 (RuTPU)RU\TPU\book\222246 |x 1684-8519 |t Т. 319, № 3 : Химия |v [С. 66-69] |d 2011 |p 194 с. | |
| 610 | 1 | |a кремний | |
| 610 | 1 | |a оксид магния | |
| 610 | 1 | |a хлораммонийное разделение | |
| 610 | 1 | |a диоксид кремния | |
| 610 | 1 | |a магнийтермия | |
| 610 | 1 | |a хлорид аммония | |
| 610 | 1 | |a хлорид магния | |
| 610 | 1 | |a хлоромагнат | |
| 610 | 1 | |a труды учёных ТПУ | |
| 610 | 1 | |a электронный ресурс | |
| 701 | 1 | |a Гринева |b О. В. | |
| 701 | 1 | |a Кантаев |b И. С. | |
| 701 | 1 | |a Киселев |b А. Д. |c химик-технолог |c инженер Томского политехнического университета |f 1988- |g Александр Дмитриевич |2 stltpush |3 (RuTPU)RU\TPU\pers\28910 | |
| 701 | 1 | |a Крайденко |b Р. И. |c химик-технолог |c доцент Томского политехнического университета |f 1983- |g Роман Иванович |2 stltpush |3 (RuTPU)RU\TPU\pers\26383 | |
| 801 | 1 | |a RU |b 63413507 |c 20090623 |g PSBO | |
| 801 | 2 | |a RU |b 63413507 |c 20230131 |g PSBO | |
| 856 | 4 | |u http://www.lib.tpu.ru/fulltext/v/Bulletin_TPU/2011/v319/i3/14.pdf | |
| 942 | |c CF | ||